[Event "London Classic 2nd"]
[Site "London"]
[Date "2010.12.12"]
[Round "5"]
[White "Howell, David"]
[Black "Carlsen, Magnus"]
[Result "0-1"]
[WhiteElo "2611"]
[BlackElo "2802"]
[Annotator "Ftacnik,L"]
[PlyCount "110"]
[EventDate "2010.12.06"]
[EventType "tourn"]
[EventRounds "7"]
[EventCountry "ENG"]
[EventCategory "19"]
[SourceTitle "CBM 140"]
[Source "ChessBase"]
[SourceDate "2011.01.18"]
[SourceVersion "1"]
[SourceVersionDate "2011.01.18"]
[SourceQuality "1"]

1. e4 c5 2. Nf3 d6 3. d4 cxd4 4. Nxd4 Nf6 5. Nc3 a6 6. h3 e6 7. g4 Be7 8. Bg2
Nfd7 9. Be3 Nc6 10. Qd2 {The move of the white queen makes a very sound
impression, even though earlier the alternative 10.Qe2 was all the rage. White
has enough control on the light squares, so control of the black ones must
become a priority.} (10. Qe2 Nxd4 (10... O-O 11. O-O-O (11. O-O Qc7 12. Rfd1
Nce5 13. Bc1 Re8 14. a4 Bf8 15. Qd2 b6 16. b3 Bb7 17. Bb2 Rad8 18. Qf4 Ng6 19.
Qg3 Be7 $11 {0-1 Lopez Martinez,J (2505)-Grigoriants,S (2539)/Stepanakert 2005
(49)}) 11... Nxd4 12. Bxd4 b5 (12... Rb8 13. e5 (13. Ba7 Ra8 14. Be3 Rb8 15. f4
b5 16. g5 b4 17. Na4 Qa5 18. b3 Nc5 19. Bxc5 dxc5 20. e5 Qb5 21. Qe3 c4 22. Kb1
Bb7 23. Bxb7 Qxb7 24. h4 {1/2-1/2 Movsesian,S (2718)-Wojtaszek,R (2637)/Warsaw
2009 (40)}) 13... d5 {0-1 Dominguez Perez,L (2719)-Morozevich,A (2750)/Moscow
2009}) (12... Qc7 13. f4 Rb8 14. Ba7 Ra8 15. Bd4 Re8 16. g5 b5 17. a3 Rb8 18.
h4 b4 19. axb4 Rxb4 20. h5 Qa5 21. Nb1 e5 22. Bc3 Nc5 23. g6 Be6 24. Qd2 Rc8
25. f5 $2 {0-1 Sandipan,C (2585)-Morozevich,A (2751)/Zuerich 2009 (76)} Qa2 $19
) 13. e5 d5 14. f4 (14. Nxd5 exd5 15. Bxd5 Rb8 16. Ba7 Rb7 17. Bxb7 Bxb7 18.
Rhe1 Qc7 19. Kb1 Nc5 20. Bxc5 Qxc5 21. f4 Bd5 22. Qe3 Qc6 $15 {0-1 Movsesian,S
(2716)-Ponomariov,R (2727)/San Sebastian 2009 (51)}) 14... Bb7 15. Qe3 b4 16.
Ne2 a5 17. Kb1 a4 18. f5 b3 19. cxb3 axb3 {1/2-1/2 Vuckovic,B (2572)-Zivkovic,
V (2413)/Banja Vrucica 2009 (52)}) (10... Qc7 11. O-O-O Rb8 12. f4 O-O 13. g5
Nxd4 14. Rxd4 b5 15. Kb1 Nb6 16. Rf1 e5 17. Rd3 Be6 18. f5 Bc4 19. f6 Bd8 20.
Qh5 {1-0 Pirttimaki,T (2244)-Mavritchev,J/Helsinki 2002 (27)}) 11. Bxd4 O-O 12.
O-O b5 13. e5 d5 14. a3 Qc7 15. f4 Bc5 16. Qe3 Bxd4 17. Qxd4 Bb7 18. Rae1 Rac8
19. Rf2 Qb6 20. Qxb6 Nxb6 $11 {0-1 Hou,Y (2590)-Wang Hao (2696)/Xinghua
Jiangsu 2009 (59)}) (10. Nce2 h5 11. gxh5 Qa5+ 12. c3 Qxh5 13. Qd2 Nde5 14. b3
Nxd4 15. Nxd4 g5 16. Rg1 Bd7 17. f3 b5 18. O-O-O Rc8 19. Kb2 $11 {1-0
Ljubojevic,L (2615)-Ivanovic,B (2440)/Zagreb 1977 (43)}) 10... O-O {The
downside of the 10.Qd2 move is the vulnerability of the c4-square. Fortunately
Black can even wait before he starts thinking about exploiting it.} (10... Nde5
11. b3 (11. Nxc6 bxc6 12. b3 Ng6 $13) 11... Nxd4 (11... Bd7 12. f4 Bh4+ 13. Bf2
Nxd4 14. Qxd4 Bxf2+ 15. Qxf2 Qa5 16. Qd2 Ng6 17. O-O-O O-O 18. Na4 Qxd2+ 19.
Rxd2 Bxa4 20. bxa4 Nxf4 21. Rg1 Rac8 {0-1 Di Natale,R-Salgado,C/Villa
Ballester 2003 (50)}) 12. Bxd4 (12. Qxd4 Nc6 13. Qd2 b5 $13) 12... O-O 13.
O-O-O (13. f4 Bh4+ $11) 13... b5 (13... Nc6 14. Be3 b5 15. f4 Bd7 $13) 14. Ne2
Bb7 15. f4 Ng6 (15... Nc6 16. Bb2 (16. Be3 a5 $132) 16... a5 17. h4 a4 18. h5
Qa5 $11) 16. Rhf1 (16. f5 $2 Nh4 $1 $17) 16... e5 17. Be3 (17. fxe5 dxe5 18.
Be3 Qxd2+ 19. Rxd2 Rad8 $11) 17... exf4 (17... a5 $5 18. f5 Nh4 19. Bh1 a4 $13)
18. Nxf4 Ne5 (18... Rc8 19. Kb1 Nxf4 20. Bxf4 Qc7 21. Rf2 $14) 19. Kb1 Rc8 20.
Nd5 {1/2-1/2 Dominguez Perez,L (2717)-Topalov,V (2812)/Sofia 2009/[Ftacnik] 
(43)}) 11. O-O Nde5 12. b3 Nxd4 13. Bxd4 Ng6 {Carlsen was clearly the
favourite in this game and his knight retreat reveals his honest ambitions.
From g6 the knight eyes the weak spots f4 and h4.} (13... b5 14. a4 bxa4 15.
Nxa4 Bb7 16. Nb6 Rb8 17. Bxe5 {1/2-1/2 Svidler,P (2731)-Ivanisevic,I (2613)/
Khanty Mansiysk 2010}) 14. Be3 (14. f4 $6 Nxf4 15. Rxf4 e5 $15) (14. Na4 Bg5
15. Qb4 a5 16. Qb5 Bd7 $11) 14... Qc7 15. Ne2 (15. Na4 b5 16. Nb6 Rb8 17. Nxc8
Rfxc8 18. Rac1 b4 $15) 15... b5 16. c4 $1 {Howell is a up and coming player
from England with an active approach to the game. He may not get very far on
the kingside, but is smart enough to play also on the opposite flank.} bxc4 (
16... Bb7 17. Rac1 Qd7 18. Nf4 Rac8 $11) 17. Rac1 Bb7 18. Rxc4 Qd7 19. Rfc1
Rac8 20. Bb6 {Quite naturally the position is about equal and White is working
on forcing the exchanges of majory pieces along the c-file.} (20. Nd4 h6 21.
Qa5 Rxc4 22. Rxc4 Rc8 $11) 20... Rxc4 21. Rxc4 Rc8 22. Qc2 Rxc4 23. Qxc4 (23.
bxc4 $2 Qc6 $15) 23... Qe8 $5 {Black knows very well that he can not exchange
queens and hope for the advantage.} 24. a4 (24. Qc7 Qa8 25. Ng3 h6 26. Bd4 Bc6
$11) 24... Qa8 25. f4 $6 {White is less experienced than his opponent who is
sitting on the top of world rating list. Exposing the structure and his own
king on the kingside brings no benefit and is dangerous.} (25. Ba5 Bc6 26. Qd3
h6 27. Bd2 $11) 25... h6 26. Bf2 Bh4 27. Be3 (27. Bxh4 Nxh4 28. Bh1 Qd8 29. b4
Ng6 $15) 27... Bf6 28. Qd3 (28. Ng3 Nh4 29. Bh1 d5 30. Qd3 (30. exd5 Bxd5 31.
Bxd5 exd5 32. Qe2 d4 $17) 30... dxe4 31. Bxe4 Bxe4 32. Nxe4 Be7 33. Bf2 Qb7 $15
) 28... Bc6 29. Ng3 (29. g5 hxg5 30. fxg5 Be5 $15) 29... Be7 {The positions
has become more pleasant for Black, but making progress is another story.} 30.
Nh5 Bf8 31. Bf2 Qb7 32. Qc4 (32. Kh2 e5 (32... Ne7 33. Bd4 d5 34. Qc3 f6 35. g5
$13) 33. f5 Nf4 34. Nxf4 exf4 35. Be1 Be7 36. Bd2 Bg5 37. Qf3 Qb6 38. Bxf4
Bxf4+ 39. Qxf4 Qxb3 40. Qxd6 Qxa4 41. f6 $11) 32... Ne7 33. Qd3 d5 $5 {Both
players have understood, that the position will have to be opened at some
stage.} 34. e5 (34. exd5 Bxd5 35. Bxd5 Nxd5 $15) 34... d4 (34... Bd7 35. Bf1
Nc6 36. Be2 $11) 35. Bf1 (35. Bxc6 Nxc6 36. Ng3 a5 37. Ne4 Qd7 $15) 35... Bd5
36. Qxa6 $6 {Howell must have been excited by the prospect of eliminating all
the queenside pawns. His choice of move keepis the flame of battle burning.} (
36. Bxd4 $1 Bxb3 37. Qxa6 Qb4 38. Bf2 Bxa4 39. Qc4 $11) 36... Qxb3 37. Qd3 (37.
Bxd4 Nc6 38. Bb6 Be7 $17) 37... Qxa4 38. Qxd4 Qa8 39. Qa7 Qc8 40. Qc5 (40. Qa3
Ng6 41. Qb2 Be7 42. Bg2 $15) 40... Nc6 41. Qc3 Qa8 42. g5 $2 {[%mdl 256] White
had to think hard about the best way of defending his exposed pawn structure.
He decides to lash out into counterplay, but does it at the wrong moment.} (42.
Bc4 Nb4 43. Bxd5 Qxd5 44. Kh2 Nd3 $15) (42. Bd3 Bb4 43. Qb2 Be7 $15) 42... Qa4
$1 (42... hxg5 43. fxg5 Qa2 44. Nf4 Bb4 45. Qg3 Nxe5 $17) 43. Qg3 (43. gxh6 Qe4
44. Ng3 Qxf4 45. hxg7 Bxg7 $17) 43... Qd1 {Two precise moves have managed to
prove that White has lost the battle. The hanging knight on h5 can not be
sensibly defended.} 44. Nf6+ (44. Qh4 Bc4 45. Ng3 Nd4 46. Qg4 Nf3+ 47. Kg2 Bd5
$19) 44... gxf6 45. gxf6+ Kh8 46. Qd3 {After the act of desperation, reality
refuses to run away. Due to the pin along the first rank White has to swap the
queens.} Qxd3 47. Bxd3 Nb4 48. Bb1 (48. Bf1 Kh7 49. Be3 Kg6 $19) 48... Ba2 49.
Be4 Nd5 50. f5 {The game is clearly over. White can not even dream about
holding the game with only a pawn for the piece.} (50. Bg3 Bc5+ 51. Kg2 Bc4 52.
Kf3 Nc3 53. Bc2 h5 $19) 50... Nf4 51. Kh2 exf5 52. Bxf5 Be6 53. Bg4 (53. Bb1
Nxh3 $19) 53... Bxg4 54. hxg4 Ne6 55. Kg3 Bc5 0-1

[Event "Lausanne YM 7th"]
[Site "Lausanne"]
[Date "2006.09.16"]
[Round "2.2"]
[White "Kosintseva, Tatiana"]
[Black "Wojtaszek, Radoslaw"]
[Result "0-1"]
[WhiteElo "2479"]
[BlackElo "2622"]
[Annotator "Ftacnik,L"]
[PlyCount "56"]
[EventDate "2006.09.13"]
[EventType "k.o."]
[EventRounds "3"]
[EventCountry "SUI"]
[SourceTitle "CBM 115"]
[Source "ChessBase"]
[SourceDate "2006.11.15"]
[SourceVersion "1"]
[SourceVersionDate "2006.11.15"]
[SourceQuality "1"]

1. e4 c5 2. Nf3 d6 3. d4 cxd4 4. Nxd4 Nf6 5. Nc3 a6 6. Be3 e6 7. g4 e5 8. Nf5
h5 9. g5 Nxe4 10. Nxg7+ Bxg7 11. Nxe4 d5 12. Ng3 d4 13. Bd2 Qd5 14. Rg1 Bg4 15.
Be2 Nd7 16. f3 {Kosintseva has opted for the line, in which black is unable to
claim the best pawn structure, but his pieces are getting lots of play.} (16.
Bxg4 hxg4 17. Qxg4 Rxh2 18. Bb4 (18. Qe4 Qxe4+ 19. Nxe4 Ke7 20. O-O-O Rc8 $15 {
1/2 Hracek,Z (2595)-Solak,D (2563)/Mallorca 2004/ (47)}) 18... Rc8 19. Nf5 Rxc2
(19... Bf8 $1 $17) 20. Nxg7+ Kd8 21. g6 Rhxf2 22. gxf7 Kc7 23. Ne6+ $14 {
0-1 Koch,J (2390)-Andruet,G (2420)/Marseille 1989/ (34)}) 16... Be6 17. Ne4 Nc5
18. Nxc5 (18. Bc4 Qc6 19. Bxe6 Nxe4 (19... Nxe6 20. g6 $11) 20. Bf5 (20. Bxf7+
Kxf7 21. g6+ Ke6 22. fxe4 Qxe4+ 23. Qe2 Qxe2+ 24. Kxe2 e4 $15) 20... Nd6 21.
Bd3 Nc4 22. Bc1 $11) 18... Qxc5 19. Bd3 f5 (19... O-O-O 20. Qe2 Kb8 21. a3 $11)
20. gxf6 $2 {The opening of the g file was tempting, but Wojtaszek gets better
pieces and chances to attack f3 weakness.} (20. Qe2 O-O-O 21. O-O-O Rd6 22. a3
$11) 20... Bxf6 21. Qe2 (21. Rg6 Bh4+ 22. Kf1 Bh3+ 23. Kg1 O-O-O 24. Qe2 Rhg8
$15) 21... Bh4+ 22. Kd1 (22. Kf1 Bh3+ $19) 22... O-O-O 23. Qe4 Be7 (23... Bf6
24. Rg6 Rhf8 25. a3 Qc7 $15) 24. Rg6 Bd5 25. Qf5+ Rd7 {Black does not want to
sacrifice e5 pawn even though white king on d1 makes any activity very
appealing.} (25... Kb8 26. Qxe5+ Bd6 27. Qe2 Rhg8 $17) 26. Qh3 (26. f4 exf4 27.
Bxf4 Rf8 28. Qe5 Bf3+ 29. Kc1 Qxe5 30. Bxe5 Rd5 31. Bg7 Re8 $17) 26... Rf8 27.
Bf5 (27. Be4 Bxe4 28. fxe4 Qb5 29. Rg1 Qxb2 $19) (27. b4 Qc7 28. Bf5 Kb8 29.
Rc1 (29. Bxd7 Bxf3+ 30. Ke1 (30. Kc1 Be4 $19) 30... Qxc2 31. Rg3 Qe4+ 32. Kf2
Bg4+ $19)) 27... Kb8 28. Bxd7 $2 {Kosintseva makes it too easy for Black. On
closer inspection she decided to give up the fight after opponent's obvious
answer.} (28. Bh6 Rxf5 29. Qxf5 Rc7 30. Ke1 Qc4 31. Rc1 Bh4+ 32. Rg3 (32. Kd2
Qb4+ $19) 32... Ka7 $17) 28... Bxf3+ (28... Bxf3+ 29. Ke1 (29. Kc1 Be4 $19)
29... Qc4 30. Qf1 Qxc2 $19) 0-1

[Event "Bundesliga 0506"]
[Site "Germany"]
[Date "2005.11.13"]
[Round "4.2"]
[White "Shirov, Alexei"]
[Black "Sokolov, Andrei"]
[Result "1-0"]
[WhiteElo "2710"]
[BlackElo "2623"]
[Annotator "Ftacnik,L"]
[PlyCount "79"]
[EventDate "2005.10.21"]
[EventType "team-tourn"]
[EventRounds "15"]
[EventCountry "GER"]
[SourceTitle "CBM 110"]
[Source "ChessBase"]
[SourceDate "2006.01.31"]
[SourceVersion "1"]
[SourceVersionDate "2006.01.31"]
[SourceQuality "1"]
[WhiteTeam "Baden-Baden"]
[BlackTeam "Tegernsee"]
[WhiteTeamCountry "GER"]
[BlackTeamCountry "GER"]

1. e4 c5 2. Nf3 e6 3. d4 cxd4 4. Nxd4 Nf6 5. Nc3 d6 6. g4 h6 7. Be3 a6 8. Bg2
Nc6 9. h3 Ne5 10. Qe2 g5 11. O-O-O Bd7 12. f4 gxf4 13. Bxf4 Rc8 14. Rhf1 Be7 {
Sokolov plays a promissing libe with very compact center. The main
disadvantage of the line lays in the fact, that black will probably have to
live without castling the king.} (14... b5 15. Nf3 Nc4 16. e5 Qa5 17. exf6 Qb4
18. Rd3 Qxb2+ 19. Kd1 Qa1+ 20. Bc1 Nb2+ 21. Kd2 Nc4+ 22. Kd1 d5 {0-1
Haznedaroglu,K-Navara,D/Warsaw 2005/ (33)}) 15. Nb3 (15. Qf2 Rxc3 16. bxc3 Qa5
17. Kb1 Nc4 18. Bc1 Bb5 19. Nb3 Qxc3 20. Qd4 Qb4 21. Rxf6 {1-0 Wallace,J-Allen,
A /Melbourne/1993/}) 15... b5 16. a3 Qc7 17. Kb1 (17. Bxe5 dxe5 18. h4 Rg8 19.
Bh3 a5 $13) 17... Nc4 18. Rd3 a5 19. g5 {Shirov is obliged to start his own
attack, since black is already generating promissing counterplay on the
queenside.} (19. e5 Nxe5 20. Bxe5 dxe5 21. Rdf3 b4 22. axb4 axb4 23. Nd1 Ba4
$11) 19... hxg5 20. Bxg5 Ng8 (20... b4 21. Bxf6 Bxf6 22. Rxf6 bxc3 (22... Qd8
23. Nd5 $1 exd5 24. exd5+ Qe7 25. Rf2 $16) 23. Rxc3 Nxa3+ 24. Kc1 Nc4 25. Nd2
Qd8 26. Nxc4 Rxc4 27. Rcf3 $16) 21. Qf2 Ne5 (21... f6 22. Bc1 b4 23. axb4 axb4
24. Na2 Ba4 25. Nd4 (25. Nxb4 Qb7) 25... Ne5 26. Rg3 $13) (21... Bxg5 $2 22.
Qxf7+ Kd8 23. Qg7 $18) 22. Rg3 (22. Bxe7 Nxe7 23. Nd4 Qc4 $13) 22... b4 23.
axb4 axb4 24. Na2 Bb5 {The second player can claim full success in advancing
his own case, bu the position remains very complex and dangerous.} (24... Bxg5
25. Rxg5 Bb5 26. Rg1 Ne7 $15) 25. Rd1 Bc4 (25... Bxg5 26. Rxg5 Bc4 $17) 26.
Bxe7 Nxe7 27. Nxb4 Rb8 28. Qd2 Rb6 (28... N7g6 29. Nc1 Rb6 $15) (28... Qb6 29.
Na2 Rd8 30. Bf1 $13) 29. Bf1 $1 {Shirov deserves praise for realizing, that he
has to get rid of the dangerous black bishop on the c4 square.} Bxf1 30. Rxf1
Qc4 (30... N7g6 31. Nd3 $14) 31. Nd3 Qxe4 $2 (31... Nd7 32. Rg7 f6 33. Rf4 Rxh3
34. e5 Rxd3 35. Rxc4 Rxd2 36. Nxd2 fxe5 37. Rc7 $16) 32. Nxe5 Qxe5 (32... dxe5
33. Qf2 Qf4 34. Rf3 Qb4 35. Rxf7 Nf5 36. Ra7 $18) 33. Qf2 $1 {[%mdl 128]
Finally white has managed to come up with a great move hitting two extremely
important targets- f7 pawn and the rook on b6.} Rh7 (33... Rb7 34. Qxf7+ Kd7
35. Rc3 Qh5 36. Qf2 $16) (33... Nf5 34. Qxb6 Nxg3 35. Qb8+ Ke7 36. Qc7+ Ke8 37.
Rxf7 $18) 34. Qxb6 Qxg3 35. Qb8+ Kd7 36. Nc5+ $1 {Simple pin of the d6 pawn
enables white knight to decide the game by instant repositioning from b3 to f6
square!} Kc6 (36... dxc5 37. Qxg3 $18) 37. Ne4 Qe5 38. Qe8+ Kb6 (38... Kc7 39.
Qxe7+ $18) 39. Nf6 Qe2 40. Rc1 (40. Rc1 Rxh3 41. Qxe7 $18) 1-0

[Event "SCG-ch 2nd"]
[Site "Pancevo"]
[Date "2006.03.10"]
[Round "11"]
[White "Pikula, Dejan"]
[Black "Krivokapic, Marko"]
[Result "1-0"]
[WhiteElo "2530"]
[BlackElo "2352"]
[Annotator "Ftacnik,L"]
[PlyCount "43"]
[EventDate "2006.02.27"]
[EventType "tourn"]
[EventRounds "13"]
[EventCountry "YUG"]
[EventCategory "11"]
[SourceTitle "CBM 112"]
[Source "ChessBase"]
[SourceDate "2006.06.07"]
[SourceVersion "1"]
[SourceVersionDate "2006.06.07"]
[SourceQuality "1"]

1. e4 c5 2. Nc3 e6 3. Nf3 d6 4. d4 cxd4 5. Nxd4 Nf6 6. Be3 a6 7. g4 e5 8. Nf5
g6 9. g5 gxf5 10. exf5 d5 11. Qf3 Bb4 $6 {Black choses a bit circumspect way
of tehsting the mysterious line with sacrifices of white pieces for the rush
development.} (11... d4 $1) 12. gxf6 Nc6 (12... d4 13. O-O-O Qa5 14. Bxd4 Nc6
15. Qe3 Nxd4 16. Rxd4 Bxc3 17. bxc3 Bxf5 18. Bc4 $16 Be6 19. Rd5 Qa3+ 20. Kb1
Bxd5 21. Qxe5+ Be6 22. Bxe6 fxe6 23. Rg1 O-O-O {0-1 Anka,E (2380)-Vrenegoor,T/
Harkany 1994/}) 13. O-O-O Bxc3 14. bxc3 (14. Rxd5 Bxb2+ 15. Kxb2 Qxf6 16. Qg3
Bxf5 17. Bg2 Bg6 18. Bc5 Qf5 19. Re1 f6 20. Be4 Qg5 21. Qh3 {1-0 Lehiste,M 
(2247)-Jogi,J/Estonia 2000/ (34)}) 14... Qxf6 15. Rxd5 Qxf5 (15... Be6 $5 16.
Rd6 Qxf5 17. Qg3 $36) 16. Qg3 Be6 17. Qg7 $1 {[%mdl 128] Pikula must have been
overjoyed, for the two bishops and attacking position he did not have to
sacrifice even a pawn.} Rf8 (17... Bxd5 18. Qxh8+ Kd7 19. Qxa8 Bxh1 20. Qxb7+
Ke8 21. Bxa6 $18) 18. Bh6 (18. Bc5 Qf4+ (18... Ne7 19. Rxe5) 19. Rd2 Ne7 20.
Rg1 Rc8 21. Bd6 $16) 18... Ke7 19. Bg5+ Ke8 20. Rd6 {The critical mass of
white forces is probably beyond black´s defesive capabilities.} Qf3 (20... e4
21. Bh3 $3 Qxh3 22. Rxc6 bxc6 23. Qf6 Kd7 24. Qe7+ Kc8 25. Bf4 Ra7 26. Qxf8+
Kd7 27. Rg1 $18) 21. Bg2 $1 Qxc3 (21... Qxg2 22. Rhd1 Bd7 (22... Ne7 23. Qf6
$18) (22... Rc8 23. Rxe6+ fxe6 24. Qd7#) 23. Rxd7 $18) 22. Bxc6+ (22. Bxc6+
bxc6 23. Rxe6+ $18) 1-0

[Event "Budapest FS04 GM-A"]
[Site "Budapest"]
[Date "2002.04.06"]
[Round "5"]
[White "Rajlich, Vasik G"]
[Black "Antal, Gergely"]
[Result "0-1"]
[WhiteElo "2377"]
[BlackElo "2457"]
[Annotator "Ftacnik,L"]
[PlyCount "74"]
[EventDate "2002.04.02"]
[EventType "tourn"]
[EventRounds "13"]
[EventCountry "HUN"]
[EventCategory "9"]
[SourceTitle "CBM 089"]
[Source "ChessBase"]
[SourceDate "2002.08.12"]
[SourceVersion "1"]
[SourceVersionDate "2002.08.12"]
[SourceQuality "1"]

1. e4 c5 2. Nf3 e6 3. d4 cxd4 4. Nxd4 Nf6 5. Nc3 d6 6. g4 h6 7. h4 Nc6 8. Rg1
d5 9. Bb5 Bd7 10. exd5 Nxd5 11. Nxd5 exd5 12. Be3 Be7 13. Qd2 O-O 14. Bxc6 bxc6
15. O-O-O Rb8 16. b3 $6 {Black is seeking counterplay along the b file, but
white was obliged to advance his own attack on the kingside. The loss of a
tempo favors black's chances.} (16. Nf5 Bxf5 17. gxf5 Bf6 18. Bd4 Kh7 19. Qc3
Bxd4 20. Qxd4 Qf6 21. Qxf6 gxf6 22. Rg4 Rbe8 23. Ra4 Re5 24. Rxa7 Rxf5 25. Rc7
{1-0 Nunn,J-Anderson,J/Kilkenny 1997/ (49)}) 16... Bxh4 17. Nf5 (17. g5 hxg5
18. Bxg5 Bxg5 19. Rxg5 g6 (19... f6 20. Rh5 $11) 20. Rdg1 Qf6 $15) 17... Bg5
18. Bxg5 (18. f4 Bf6 19. g5 hxg5 20. fxg5 Be5 21. Bd4 $15) 18... hxg5 (18...
Qxg5 $4 19. Qxg5 hxg5 20. Ne7+ Kh7 21. Rh1#) 19. Rg3 (19. f4 Qf6 20. Kb1 gxf4
$17) 19... Re8 20. Rh1 Qf6 21. Kb1 g6 22. Nh6+ (22. Rh6 Bxf5 (22... Re4 23.
Rgh3 Rbe8 24. Rh8+ Qxh8 25. Rxh8+ Kxh8 26. Nd6 Re1+ 27. Kb2 R8e7 $17) 23. gxf5
Qxf5 24. Rxg5 Re1+ 25. Qxe1 Qxg5 $17) 22... Kg7 23. Nxf7 $6 {[%mdl 1024] White
understands, that his chances are not great and with brave sacrifice tries to
stirr up trouble. Fortunately for black his king can slip away to the other
side of the board.} (23. Rgh3 d4 $17) 23... Kxf7 (23... Qxf7 $2 24. Qd4+ Kf8
25. Rh8+ Ke7 26. Qe5+ Be6 (26... Qe6 27. Rh7+ Kd8 28. Qxb8+ $18) 27. Qc7+ Bd7
28. Re3+ Kf6 29. Rf3+ Bf5 30. Qxc6+ Kg7 31. Rxf5 Qxf5 32. gxf5 $18) 24. Rh7+
Ke6 25. c4 Kd6 26. c5+ (26. cxd5 cxd5 27. Rd3 Re5 28. Qa5 Qf4 $19) 26... Kc7 (
26... Kxc5 $2 27. Rxd7 $14) 27. Qa5+ Kc8 28. Rxd7 {Desperation, but white is
slowed down by the exposed nature of his own king.} (28. Qxa7 Re1+ 29. Kc2
Qxf2+ $19) (28. Qa6+ Rb7 29. Rxd7 Re1+ 30. Kc2 Qxf2+ $19) 28... Kxd7 29. Qxa7+
Kc8 30. Qa6+ Kd8 31. Qa5+ Ke7 32. Rh3 (32. Re3+ Kf8 $19) 32... Kf8 33. Rh7 Kg8
(33... Re2 $19) 34. Qc7 (34. Rh1 Re2 $19) 34... Re1+ 35. Kc2 Qxf2+ 36. Kc3 Qe3+
(36... Re3+ 37. Kd4 Qd2# (37... Rb4#)) 37. Kc2 (37. Kb2 Qc1#) 37... Re2+ 0-1